Introducción a la Ingeniería
| Main Authors: | , , |
|---|---|
| Format: | Section = Libro |
| Language: | Undetermined Spanish |
| Published: |
México
Limusa
2008
|
| Subjects: |
| LEADER | 00690nam a2200253Ia 4500 | ||
|---|---|---|---|
| 008 | 240830s9999 xx 000 0 und d | ||
| 020 | |a 978-968-18-7161-1 | ||
| 040 | |a B-ESTELÍ- RUACS / 620 G633 | ||
| 041 | |a spa | ||
| 082 | |a 620 G633 | ||
| 100 | 1 | |a Gómez, Eliseo | |
| 100 | 1 | |b Sánchez Romero, Miguel Ángel | |
| 100 | 1 | |c Gómez Navarro, Tomas | |
| 245 | 1 | 0 | |a Introducción a la Ingeniería |
| 260 | |a México |b Limusa |c 2008 | ||
| 300 | |a 788 p:il | ||
| 650 | 7 | |a MECÁNICA DE MATERIALES | |
| 650 | 7 | |b INTRODUCCION | |
| 650 | 7 | |c ANÁLISIS Y DISEÑO DE VIGAS | |
| 650 | 7 | |d COLUMNAS | |
| 650 | 7 | |e MÉTODOS DE ENERGIA. | |
| 942 | |c BK |2 ddc | ||
| 991 | |a TEXTO | ||
| 999 | |c 11139 | ||